Normal view
MARC view
- RATHNAKUMAR, V. K
Entry Personal Name
001 - CONTROL NUMBER
- control field: 3014
003 - CONTROL NUMBER IDENTIFIER
- control field: OSt
005 - DATE AND TIME OF LATEST TRANSACTION
- control field: 20180303143417.0
008 - FIXED-LENGTH DATA ELEMENTS
- fixed length control field: 180303|| aca||aabn | a|a d
040 ## - CATALOGING SOURCE
- Original cataloging agency: OSt
- Transcribing agency: OSt
100 ## - HEADING--PERSONAL NAME
- Personal name: RATHNAKUMAR, V. K
670 ## - SOURCE DATA FOUND
- Source citation: Work cat.: (OSt): RATHNAKUMAR, V. K, Performance study of hydraulic ram by varying length and inclination of supply pipe, 1991
